[Event "Agneaux St Lo U16 op 17th"]
[Site "Agneaux"]
[Date "2015.07.10"]
[Round "7"]
[White "Vejdovsky, Aurelien"]
[Black "Damen, Jip"]
[Result "0-1"]
[WhiteElo "1445"]
[BlackElo "1728"]
[PlyCount "84"]
[EventDate "2015.07.03"]
[EventType "swiss"]
[EventRounds "9"]
[EventCountry "FRA"]
[SourceTitle "EXT 2016"]
[Source "ChessBase"]
[SourceDate "2015.10.08"]
[SourceVersion "1"]
[SourceVersionDate "2015.10.08"]
[SourceQuality "1"]

1. e4 d6 2. d4 Nf6 3. Nc3 g6 4. Be3 Ng4 5. Bd2 Bg7 6. f3 Nf6 7. Bc4 Nbd7 8. Nge2 c5 9. Be3 0-0 10. b3 a6 11. g4 b5 12. Bd3 e6 13. Qd2 Qc7 14. Ng3 Nxg4 15. fxg4 cxd4 16. Bh6 Qxc3 17. Qxc3 dxc3 18. Bxg7 Kxg7 19. Ne2 b4 20. a3 bxa3 21. Rxa3 Nc5 22. h3 Bb7 23. Nxc3 Rfc8 24. Ne2 f5 25. gxf5 exf5 26. Ng3 Nxd3+ 27. cxd3 fxe4 28. dxe4 Bxe4 29. Rf1 Bg2 30. Rf2 Bxh3 31. Rd2 Rc1+ 32. Rd1 Re8+ 33. Kd2 Rxd1+ 34. Kxd1 Re3 35. Nh1 Bg2 36. Nf2 Bf3+ 37. Kc1 Re1+ 38. Kb2 Re2+ 39. Kc3 Rxf2 40. Rxa6 d5 41. b4 Rf1 42. b5 Rb1 0-1

[Event "Agneaux St Lo U16 op 17th"]
[Site "Agneaux"]
[Date "2015.07.09"]
[Round "6"]
[White "Lemiere, Clement"]
[Black "Vejdovsky, Aurelien"]
[Result "1/2-1/2"]
[WhiteElo "1767"]
[BlackElo "1445"]
[PlyCount "136"]
[EventDate "2015.07.03"]
[EventType "swiss"]
[EventRounds "9"]
[EventCountry "FRA"]
[SourceTitle "EXT 2016"]
[Source "ChessBase"]
[SourceDate "2015.10.08"]
[SourceVersion "1"]
[SourceVersionDate "2015.10.08"]
[SourceQuality "1"]

1. d4 d5 2. c4 e6 3. Nf3 Nf6 4. Nc3 Be7 5. g3 0-0 6. Bg2 b6 7. 0-0 Bb7 8. Ne5 Nbd7 9. Nd3 c5 10. e3 Qc7 11. cxd5 Nxd5 12. e4 Nxc3 13. bxc3 cxd4 14. cxd4 Nf6 15. Re1 Rfd8 16. Bb2 Rac8 17. Rc1 Qb8 18. Qe2 Rxc1 19. Rxc1 Rc8 20. f3 Rxc1+ 21. Nxc1 Qc7 22. Bf1 a6 23. Qc4 Qxc4 24. Bxc4 b5 25. Bb3 Kf8 26. Nd3 Nd7 27. Bc3 Ke8 28. Kf2 Nb6 29. Ba5 Nc8 30. Ke3 Bd6 31. Nc5 Bxc5 32. dxc5 Kd7 33. Bc3 g6 34. f4 Kc6 35. Bd4 Ne7 36. Bg7 Kxc5 37. Bf8 Kd6 38. Kd4 Kd7 39. Kc5 Nc8 40. e5 Ne7 41. a4 bxa4 42. Bxa4+ Bc6 43. Bd1 Nd5 44. Kd4 Kc7 45. Kc5 a5 46. Kd4 a4 47. Ba3 Kb6 48. h4 Kc7 49. h5 Kd7 50. h6 Ke8 51. Be2 Kd7 52. Bd3 Ke8 53. Bc1 Ne7 54. g4 Bf3 55. g5 Bc6 56. Kc5 Bd7 57. Kb4 Nd5+ 58. Ka3 Ne7 59. Bc2 Nd5 60. Bxa4 Bxa4 61. Kxa4 Kd7 62. Ka5 Kc6 63. Ka6 Kd7 64. Kb7 Ne7 65. Bd2 Nd5 66. Bc1 Ne7 67. Kb6 Nd5+ 68. Kc5 Ne7 1/2-1/2